| 000 | 00981nac a22002651u 4500 | ||
|---|---|---|---|
| 003 | EG-ScBUE | ||
| 005 | 20220313101705.0 | ||
| 008 | 200219s1948 nyu f 000 0 eng d | ||
| 040 |
_aEG-ScBUE _beng _erda _cEG-ScBUE _dEG-ScBUE |
||
| 043 | _ae-uk-en | ||
| 082 | 0 | 4 |
_a861 _bHOP _222 |
| 100 | 1 |
_aHopper, Vincent F. _q(Vincent Foster), _d1906-1976, _eauthor. |
|
| 245 | 1 | 0 |
_aChaucer`s canterburu tales : _ban interlinear translation / _cby Vincent F. Hopper, professor of English, New York University. |
| 264 | 1 |
_aWoodbury, New York : _bBarron's Educational Series, Inc., _c1948. |
|
| 300 |
_axv, 448 pages ; _c20 cm |
||
| 336 |
_2rdacontent _atext _btxt |
||
| 337 |
_2rdamedia _aunmediated _bn |
||
| 338 |
_2rdacarrier _avolume _bnc |
||
| 650 | 7 |
_aChristian pilgrims and pilgrimages _zEngland _zCanterbury _vPoetry. _2BUEsh |
|
| 651 | _2BUEsh | ||
| 653 |
_bHHUUEENN _cMarch2022 |
||
| 655 |
_vReading book _934232 |
||
| 942 |
_cBB _2ddc |
||
| 999 |
_c3075 _d3075 |
||